000 00634cam a2200241 4500
001 M2164
008 090401t xxu||||| |||| 00| 0 eng d
035 _a(Sirsi) u36859
041 _aeng
050 _a692.5
090 _aRICS 1990/111A
110 _aRoyal Institution of Chartered Surveyors
_94900
245 _aHow should I care for my building?
260 _aLondon
_bRICS
_c1990?
300 _a1 folded sheet ; 21x10cm .
350 _a0
520 _aPublicity brochure.
650 _aABOUT RICS-RICS MEMBERS
650 _aQUANTITY SURVEYORS
690 _aQuantity surveying
_96263
942 _n0
948 _c04/03/1997
999 _c90395
_d90395